000 00353 a2200157 4500
001 60574
020 _a8570611919
040 _cAnchieta - Pituba
100 _aDotti, Corina Michelon
240 1 0 _aEducação
_lpor
245 1 0 _aEducação
300 _a204
362 0 _a2002
650 4 _aEducação, pesquisa e tópicos relacionados
942 _cBK
999 _c60574
_d60574